[Event "British Rapidplay"]
[Site "Peterborough"]
[Date "2025.03.02"]
[Round "7.27"]
[White "Mylovanov, Volodymyr"]
[Black "Sivanandan, Bodhana"]
[Result "0-1"]
[WhiteElo "1821"]
[BlackElo "2073"]
[PlyCount "124"]
[EventDate "2025.03.01"]
[EventType "swiss (rapid)"]
[EventRounds "11"]
[EventCountry "ENG"]
[SourceTitle "BritBase"]
[Source "John Saunders"]
[SourceDate "2025.03.03"]
[SourceVersion "1"]
[SourceVersionDate "2025.03.03"]
[SourceQuality "2"]

1. e4 e5 2. Nf3 Nf6 3. Nc3 Nc6 4. d4 exd4 5. Nxd4 Bb4 6. Nxc6 bxc6 7. Bd3 d5 8. Bd2 dxe4 9. Nxe4 Bxd2+ 10. Qxd2 O-O 11. Nxf6+ Qxf6 12. O-O Qxb2 13. Qf4 Be6 14. Qe4 g6 15. Qxc6 Qb6 16. Qc3 Rab8 17. h3 c5 18. a3 c4 19. Be4 Rfd8 20. Rfd1 Qc5 21. Rxd8+ Rxd8 22. Bf3 Qd4 23. Qxd4 Rxd4 24. c3 Rd3 25. Rc1 Rd2 26. a4 Ra2 27. Bc6 Ra3 28. Bb5 Kf8 29. Kf1 Ke7 30. Ke2 Kd6 31. Ke3 Kc5 32. h4 Ra2 33. g3 Bf5 34. Be8 f6 35. Bb5 Bc2 36. h5 g5 37. h6 Bd3 38. Kf3 f5 39. Ke3 Re2+ 40. Kf3 Re6 41. g4 Be4+ 42. Ke3 Bd3+ 43. Kd2 Re2+ 44. Kd1 fxg4 45. Bd7 Rxf2 46. Bxg4 Rh2 47. Bf3 Rxh6 48. Ra1 Rh3 49. Ba8 g4 50. Ra2 h5 51. Rf2 g3 52. Rf7 Rh2 53. Rg7 h4 54. Rg5+ Kd6 55. a5 Ke6 56. Bd5+ Kf6 57. Rg8 Bg6 58. Ra8 g2 59. Bxg2 Rxg2 60. Rxa7 h3 61. Ra6+ Kg5 62. Re6 h2 0-1

[Event "British Rapidplay"]
[Site "Peterborough"]
[Date "2025.03.02"]
[Round "7.28"]
[White "Lalic, Susan Kathryn"]
[Black "White, Stuart A"]
[Result "1-0"]
[WhiteElo "2227"]
[BlackElo "2024"]
[PlyCount "65"]
[EventDate "2025.03.01"]
[EventType "swiss (rapid)"]
[EventRounds "11"]
[EventCountry "ENG"]
[SourceTitle "BritBase"]
[Source "John Saunders"]
[SourceDate "2025.03.03"]
[SourceVersion "1"]
[SourceVersionDate "2025.03.03"]
[SourceQuality "2"]

1. e4 c5 2. Nf3 d6 3. Bb5+ Bd7 4. Bxd7+ Nxd7 5. O-O Ngf6 6. Re1 e6 7. c3 Be7 8. d4 O-O 9. e5 Ne8 10. Bf4 Rc8 11. Nbd2 cxd4 12. cxd4 dxe5 13. dxe5 Nb6 14. Qb3 Qd5 15. Be3 Nc7 16. Bxb6 Qxb3 17. Nxb3 axb6 18. Rac1 Nd5 19. Rxc8 Rxc8 20. Rc1 Ra8 21. a3 Kf8 22. g3 Ke8 23. Nfd4 Kd7 24. Kg2 g5 25. h3 Bf8 26. Nd2 h5 27. Nc4 Rc8 28. Kf3 Rc5 29. b4 Rc8 30. Ke4 Be7 31. Nb5 f6 32. exf6 Bxf6 33. Ne5+ 1-0

[Event "British Rapidplay"]
[Site "Peterborough"]
[Date "2025.03.02"]
[Round "7.29"]
[White "Bellano, Harry"]
[Black "Yoon, Jacob D"]
[Result "0-1"]
[WhiteElo "1654"]
[BlackElo "2251"]
[PlyCount "124"]
[EventDate "2025.03.01"]
[EventType "swiss (rapid)"]
[EventRounds "11"]
[EventCountry "ENG"]
[SourceTitle "BritBase"]
[Source "John Saunders"]
[SourceDate "2025.03.03"]
[SourceVersion "1"]
[SourceVersionDate "2025.03.03"]
[SourceQuality "2"]

1. e4 c6 2. d4 d5 3. f3 e6 4. Nc3 Bb4 5. Nh3 Ne7 6. Bg5 h6 7. Bh4 Qa5 8. Qd2 O-O 9. a3 Ng6 10. Bg3 e5 11. Be2 exd4 12. Qxd4 Bxc3+ 13. bxc3 Bxh3 14. gxh3 dxe4 15. fxe4 Rd8 16. Qb4 Qb6 17. Rf1 Nd7 18. Qxb6 axb6 19. Bc7 Re8 20. O-O-O Nge5 21. Bh5 Rec8 22. Bd6 g6 23. Bg4 Re8 24. Bxd7 Nxd7 25. Bf4 Nc5 26. Bxh6 Rxa3 27. Kb2 Ra4 28. Rd4 Rxd4 29. cxd4 Nxe4 30. Re1 Nd6 31. Rxe8+ Nxe8 32. c4 f6 33. h4 Kf7 34. Be3 Ke6 35. Kc3 Nd6 36. Kd3 b5 37. cxb5 Nxb5 38. Ke4 Nd6+ 39. Kd3 Nf5 40. Bf2 Kd5 41. Kc3 b5 42. Kd3 b4 43. h5 gxh5 44. h4 b3 45. Kc3 Nxd4 46. Be3 c5 47. Bh6 Nf5 48. Bf4 c4 49. Bc7 Nxh4 50. Bd8 Nf3 51. Bxf6 h4 52. Bd8 h3 53. Bc7 h2 54. Bxh2 Nxh2 55. Kb2 Kd4 56. Kc1 Kd3 57. Kb1 Nf3 58. Kb2 Kd2 59. Kb1 Nd4 60. Kb2 c3+ 61. Kb1 c2+ 62. Ka1 c1=Q# 0-1

[Event "British Rapidplay"]
[Site "Peterborough"]
[Date "2025.03.02"]
[Round "7.30"]
[White "Mihalik, Agoston"]
[Black "Lapidus, Alexey M"]
[Result "1-0"]
[WhiteElo "2140"]
[BlackElo "1937"]
[PlyCount "101"]
[EventDate "2025.03.01"]
[EventType "swiss (rapid)"]
[EventRounds "11"]
[EventCountry "ENG"]
[SourceTitle "BritBase"]
[Source "John Saunders"]
[SourceDate "2025.03.03"]
[SourceVersion "1"]
[SourceVersionDate "2025.03.03"]
[SourceQuality "2"]

1. e4 c5 2. Nf3 e6 3. g3 d5 4. exd5 exd5 5. d4 Nf6 6. Bg2 Be7 7. O-O O-O 8. Nc3 Bg4 9. h3 Bh5 10. dxc5 Bxc5 11. Bg5 Be7 12. Bxf6 Bxf6 13. Qxd5 Bxc3 14. Qxb7 Qb6 15. Qxb6 axb6 16. bxc3 Ra3 17. Rfb1 Rxc3 18. g4 Bg6 19. Rxb6 Nd7 20. Rb7 Nc5 21. Rc7 Rxc2 22. Ne5 Na4 23. Rxc2 Bxc2 24. Rc1 Bg6 25. f4 f6 26. Bd5+ Kh8 27. Nxg6+ hxg6 28. Bb3 Ra8 29. Kg2 Nb2 30. Kg3 Rd8 31. Kh4 Kh7 32. Rc2 Nd1 33. Rc1 Ne3 34. Rc3 g5+ 35. fxg5 fxg5+ 36. Kxg5 Re8 37. Kf4 Ng2+ 38. Kg3 Ne1 39. a4 Re2 40. Bd5 g6 41. h4 Nc2 42. a5 Nb4 43. Bb7 Re6 44. Rb3 Nc2 45. a6 Nd4 46. a7 Nxb3 47. a8=Q Re7 48. Bd5 Nd4 49. Qg8+ Kh6 50. Qh8+ Rh7 51. Qxd4 1-0

[Event "British Rapidplay"]
[Site "Peterborough"]
[Date "2025.03.02"]
[Round "7.31"]
[White "Goh, Jinghan Cameron"]
[Black "Boswell, Jacob Connor"]
[Result "0-1"]
[WhiteElo "2102"]
[BlackElo "2245"]
[PlyCount "108"]
[EventDate "2025.03.01"]
[EventType "swiss (rapid)"]
[EventRounds "11"]
[EventCountry "ENG"]
[SourceTitle "BritBase"]
[Source "John Saunders"]
[SourceDate "2025.03.03"]
[SourceVersion "1"]
[SourceVersionDate "2025.03.03"]
[SourceQuality "2"]

1. d4 Nf6 2. c4 g6 3. g3 Bg7 4. Bg2 O-O 5. Nc3 d6 6. Nf3 Nbd7 7. O-O e5 8. e4 exd4 9. Nxd4 Re8 10. h3 Nc5 11. Re1 Bd7 12. b4 Ne6 13. Be3 Qc8 14. Kh2 Nxd4 15. Bxd4 c5 16. bxc5 dxc5 17. Bxf6 Bxf6 18. Nd5 Bd4 19. e5 Kg7 20. Qf3 Re6 21. Rad1 Bc6 22. Qf4 Qd7 23. h4 Rd8 24. Nf6 Qe7 25. Ng4 Bxg2 26. Kxg2 Kh8 27. h5 Re8 28. hxg6 fxg6 29. Nf6 Rf8 30. Qh4 Rexf6 31. exf6 Qxf6 32. Qxf6+ Rxf6 33. f4 Ra6 34. Rd2 Kg7 35. Re7+ Kf6 36. Rde2 h5 37. Rxb7 Ra4 38. Rc2 Ra3 39. Rb3 Ra4 40. Kf3 Kf5 41. Rd3 Ra6 42. Rb3 Ra4 43. a3 Ra6 44. Re2 Ra4 45. Re7 a6 46. Rf7+ Ke6 47. Ra7 Kf5 48. Rf7+ Ke6 49. Rfb7 Kf5 50. R7b6 Rxc4 51. Rxa6 Rc2 52. g4+ hxg4+ 53. Kg3 g5 54. Rf6+ Bxf6 0-1

[Event "British Rapidplay"]
[Site "Peterborough"]
[Date "2025.03.02"]
[Round "7.32"]
[White "Hng, Mei-En Emmanuelle"]
[Black "Harris, Michael"]
[Result "1-0"]
[WhiteElo "2136"]
[BlackElo "2234"]
[PlyCount "39"]
[EventDate "2025.03.01"]
[EventType "swiss (rapid)"]
[EventRounds "11"]
[EventCountry "ENG"]
[SourceTitle "BritBase"]
[Source "John Saunders"]
[SourceDate "2025.03.03"]
[SourceVersion "1"]
[SourceVersionDate "2025.03.03"]
[SourceQuality "2"]

1. Nf3 Nf6 2. c4 g6 3. d4 c5 4. Nc3 cxd4 5. Nxd4 Bg7 6. e4 Nc6 7. Be3 O-O 8. Be2 d6 9. O-O Nd7 10. Qd2 a6 11. Rad1 Nxd4 12. Bxd4 Bxd4 13. Qxd4 Qb6 14. Nd5 Qd8 15. f4 e5 16. Qe3 f5 17. exf5 gxf5 18. c5 Nxc5 19. fxe5 Ne4 20. exd6 1-0

[Event "British Rapidplay"]
[Site "Peterborough"]
[Date "2025.03.02"]
[Round "7.33"]
[White "Vaidyanathan, Adithya"]
[Black "McLachlan, Matthew"]
[Result "1-0"]
[WhiteElo "2037"]
[BlackElo "1927"]
[PlyCount "71"]
[EventDate "2025.03.01"]
[EventType "swiss (rapid)"]
[EventRounds "11"]
[EventCountry "ENG"]
[SourceTitle "BritBase"]
[Source "John Saunders"]
[SourceDate "2025.03.03"]
[SourceVersion "1"]
[SourceVersionDate "2025.03.03"]
[SourceQuality "2"]

1. d4 Nf6 2. Nf3 c5 3. d5 e6 4. c4 exd5 5. cxd5 d6 6. Nc3 g6 7. e4 a6 8. a4 Bg4 9. Be2 Bg7 10. O-O O-O 11. Bg5 h6 12. Be3 Nbd7 13. Nd2 Bxe2 14. Qxe2 Re8 15. f4 Rb8 16. Qd3 Qc7 17. a5 Ng4 18. Nc4 b5 19. axb6 Nxb6 20. Bc1 Nxc4 21. Qxc4 Bd4+ 22. Kh1 Nf2+ 23. Rxf2 Bxf2 24. Rxa6 Bd4 25. e5 dxe5 26. f5 Rb6 27. d6 Qb7 28. Rxb6 Qxb6 29. fxg6 Rf8 30. Ne4 Qd8 31. g3 Kg7 32. gxf7 Rxf7 33. Bxh6+ Kg8 34. Qd5 Qc8 35. d7 Qd8 36. Bg5 1-0

[Event "British Rapidplay"]
[Site "Peterborough"]
[Date "2025.03.02"]
[Round "7.34"]
[White "Hryshchenko, Kamila"]
[Black "Quilter, Thomas A"]
[Result "0-1"]
[WhiteElo "2119"]
[BlackElo "2162"]
[PlyCount "80"]
[EventDate "2025.03.01"]
[EventType "swiss (rapid)"]
[EventRounds "11"]
[EventCountry "ENG"]
[SourceTitle "BritBase"]
[Source "John Saunders"]
[SourceDate "2025.03.03"]
[SourceVersion "1"]
[SourceVersionDate "2025.03.03"]
[SourceQuality "2"]

1. e4 d5 2. exd5 c6 3. d4 Nf6 4. c4 cxd5 5. Nc3 Nc6 6. Nf3 Bg4 7. Be2 e6 8. h3 Bh5 9. c5 Qc7 10. O-O Be7 11. Be3 O-O 12. a3 a5 13. b3 Rfd8 14. Rc1 e5 15. Nb5 Qb8 16. dxe5 Nxe5 17. Nfd4 Bxe2 18. Qxe2 Nc6 19. Nxc6 bxc6 20. Nd4 Rc8 21. Bg5 Bd8 22. Rfe1 h6 23. Bh4 Qf4 24. Nf3 Ne4 25. Bg3 Qf5 26. Nd4 Qf6 27. Qd3 Bc7 28. Kh2 Nxf2 29. Qf3 Qxd4 30. Bxc7 Rxc7 31. Rf1 Ne4 32. Qg4 Qe5+ 33. Kg1 Nxc5 34. Rce1 Ne4 35. Rf5 Qe6 36. Qf3 Qd6 37. Rd1 Qg3 38. Qe2 Qxb3 39. Rdf1 Ng3 40. Qe5 Qb6+ 0-1

[Event "British Rapidplay"]
[Site "Peterborough"]
[Date "2025.03.02"]
[Round "7.35"]
[White "Ortiz Sanchez, Luis"]
[Black "Walker, Martin Graham"]
[Result "1/2-1/2"]
[WhiteElo "1913"]
[BlackElo "2091"]
[PlyCount "108"]
[EventDate "2025.03.01"]
[EventType "swiss (rapid)"]
[EventRounds "11"]
[EventCountry "ENG"]
[SourceTitle "BritBase"]
[Source "John Saunders"]
[SourceDate "2025.03.03"]
[SourceVersion "1"]
[SourceVersionDate "2025.03.03"]
[SourceQuality "2"]

1. d4 Nf6 2. Nf3 g6 3. Bg5 Bg7 4. Nbd2 d5 5. e3 O-O 6. Be2 c5 7. c3 Qb6 8. Qb3 c4 9. Qc2 Bf5 10. Qc1 Nc6 11. h3 Rac8 12. O-O Bd3 13. Re1 Ne4 14. Bf4 f6 15. Nxe4 dxe4 16. Nd2 Qb5 17. Bg4 f5 18. Bd1 e5 19. dxe5 Bxe5 20. a4 Qb6 21. b3 Bxf4 22. exf4 cxb3 23. Bxb3+ Kg7 24. Qa3 Qc7 25. g3 Qe7 26. Qb2 Na5 27. Bc2 Bxc2 28. Qxc2 Qf6 29. c4 Rfd8 30. Rab1 Qd4 31. Nb3 Nxb3 32. Qxb3 b6 33. Red1 Qc5 34. Qc3+ Kf7 35. Rxd8 Rxd8 36. Rb5 Qd4 37. Qxd4 Rxd4 38. a5 Rd6 39. c5 bxc5 40. Rxc5 Ke6 41. Kf1 Rd7 42. g4 h5 43. Ke2 fxg4 44. hxg4 h4 45. f5+ gxf5 46. gxf5+ Kf6 47. Ke3 h3 48. Kxe4 h2 49. Rc1 Rd2 50. Kf3 Kxf5 51. Rh1 Ra2 52. Rxh2 Ra3+ 53. Ke2 Kg5 54. Kd2 Rxa5 1/2-1/2

[Event "British Rapidplay"]
[Site "Peterborough"]
[Date "2025.03.02"]
[Round "7.36"]
[White "Hng, Mei-Xian Eunice"]
[Black "Kothari, Jai"]
[Result "1/2-1/2"]
[WhiteElo "2066"]
[BlackElo "2035"]
[PlyCount "90"]
[EventDate "2025.03.01"]
[EventType "swiss (rapid)"]
[EventRounds "11"]
[EventCountry "ENG"]
[SourceTitle "BritBase"]
[Source "John Saunders"]
[SourceDate "2025.03.03"]
[SourceVersion "1"]
[SourceVersionDate "2025.03.03"]
[SourceQuality "2"]

1. e4 c5 2. d4 cxd4 3. c3 Nf6 4. e5 Nd5 5. Qxd4 e6 6. Bd3 Nc6 7. Qe4 d6 8. exd6 Bxd6 9. Nf3 Nf6 10. Qe2 h6 11. O-O O-O 12. Rd1 Qc7 13. Nbd2 Ne5 14. Nxe5 Bxe5 15. Nf3 Bd6 16. h3 b6 17. Bd2 Bb7 18. Rac1 e5 19. Bb1 Rad8 20. Be3 Ba8 21. Nh4 Qc6 22. f3 Bc5 23. Nf5 Qc8 24. b4 Bxe3+ 25. Qxe3 Qe6 26. Re1 Rfe8 27. Rcd1 Rxd1 28. Rxd1 Nd5 29. Qd2 Rc8 30. Be4 Nf6 31. Qd6 Qxd6 32. Rxd6 Nxe4 33. Ne7+ Kf8 34. Nxc8 Nxd6 35. Nxd6 Bd5 36. Nc8 Bxa2 37. Nxa7 Be6 38. Nb5 Ke7 39. Kf2 Kd7 40. Ke3 Bc4 41. Na3 Bf1 42. Kf2 Bd3 43. Ke3 Bf1 44. Kf2 Bd3 45. Ke3 Bf1 1/2-1/2

[Event "British Rapidplay"]
[Site "Peterborough"]
[Date "2025.03.02"]
[Round "7.37"]
[White "Zhang, Junyi"]
[Black "Waterfield, Mark"]
[Result "1-0"]
[WhiteElo "2152"]
[BlackElo "1913"]
[PlyCount "35"]
[EventDate "2025.03.01"]
[EventType "swiss (rapid)"]
[EventRounds "11"]
[EventCountry "ENG"]
[SourceTitle "BritBase"]
[Source "John Saunders"]
[SourceDate "2025.03.03"]
[SourceVersion "1"]
[SourceVersionDate "2025.03.03"]
[SourceQuality "2"]

1. e4 e6 2. d4 d5 3. e5 c5 4. c3 Nc6 5. Nf3 Nge7 6. Na3 cxd4 7. cxd4 Nf5 8. Nc2 Bd7 9. Bd3 Be7 10. O-O O-O 11. a3 a5 12. Bd2 a4 13. Bc3 Na5 14. Nb4 Nc4 15. Bxf5 exf5 16. Nxd5 Bc6 17. Nxe7+ Qxe7 18. Bb4 1-0

[Event "British Rapidplay"]
[Site "Peterborough"]
[Date "2025.03.02"]
[Round "7.38"]
[White "He, Tom Junde"]
[Black "Kumar, Arnav"]
[Result "1-0"]
[WhiteElo "2053"]
[BlackElo "1767"]
[PlyCount "61"]
[EventDate "2025.03.01"]
[EventType "swiss (rapid)"]
[EventRounds "11"]
[EventCountry "ENG"]
[SourceTitle "BritBase"]
[Source "John Saunders"]
[SourceDate "2025.03.03"]
[SourceVersion "1"]
[SourceVersionDate "2025.03.03"]
[SourceQuality "2"]

1. d4 Nf6 2. c4 e6 3. Nf3 d5 4. g3 Be7 5. Bg2 O-O 6. O-O c6 7. Qc2 Nbd7 8. Nbd2 b6 9. e4 dxe4 10. Nxe4 Bb7 11. Rd1 Nxe4 12. Qxe4 Nf6 13. Qe2 Qc8 14. Bf4 Rd8 15. Rac1 h6 16. h4 Bf8 17. Bh3 Bd6 18. Bxd6 Rxd6 19. d5 cxd5 20. cxd5 Qd8 21. dxe6 fxe6 22. Bxe6+ Kh7 23. Ne5 Rxd1+ 24. Rxd1 Qc7 25. Qd3+ Be4 26. Bf5+ Kg8 27. Bxe4 Re8 28. Bd5+ Nxd5 29. Qxd5+ Kh7 30. Ng4 h5 31. Qxh5+ 1-0

[Event "British Rapidplay"]
[Site "Peterborough"]
[Date "2025.03.02"]
[Round "7.39"]
[White "Murawski, Jan"]
[Black "Birtwistle, Nigel"]
[Result "1-0"]
[WhiteElo "2079"]
[BlackElo "2025"]
[PlyCount "127"]
[EventDate "2025.03.01"]
[EventType "swiss (rapid)"]
[EventRounds "11"]
[EventCountry "ENG"]
[SourceTitle "BritBase"]
[Source "John Saunders"]
[SourceDate "2025.03.03"]
[SourceVersion "1"]
[SourceVersionDate "2025.03.03"]
[SourceQuality "2"]

1. c4 e5 2. Nc3 Nf6 3. Nf3 d6 4. e4 g6 5. d4 exd4 6. Nxd4 Bg7 7. Be2 O-O 8. O-O Re8 9. f3 c6 10. Bg5 Qb6 11. Be3 Qc7 12. Rc1 Nbd7 13. Qd2 a5 14. b3 Nc5 15. Rfd1 Rd8 16. Bf1 Be6 17. Qf2 Qe7 18. Nde2 Nfd7 19. Nf4 Be5 20. Nxe6 Qxe6 21. g3 Re8 22. Bg2 Qf6 23. Ne2 a4 24. b4 Na6 25. Rb1 Qe6 26. f4 Bg7 27. Rdc1 a3 28. Nd4 Qe7 29. Re1 c5 30. bxc5 dxc5 31. Nb5 Rab8 32. e5 Nb4 33. Red1 f6 34. Nd6 Rf8 35. exf6 Nxf6 36. Bxc5 Ng4 37. Qd2 Na6 38. Bd5+ Kh8 39. Nf7+ Qxf7 40. Bxf7 Nxc5 41. Qd6 Ne4 42. Qe6 Nc3 43. Qxg4 Nxb1 44. Rxb1 Rxf7 45. Qe6 Rff8 46. Qe7 Bb2 47. Rd1 Rfe8 48. Qf7 Rf8 49. Qc7 Rbc8 50. Qxb7 Rxc4 51. Rd7 Rc1+ 52. Kg2 Rc2+ 53. Kh3 Rc5 54. Rxh7+ Kg8 55. Rh6 Rf6 56. Qb8+ Kg7 57. Qh8+ Kf7 58. Rh7+ Ke6 59. Qe8+ Kd5 60. Rd7+ Kc4 61. Qe4+ Kb5 62. Rb7+ Ka6 63. Rb8 Rb6 64. Ra8+ 1-0

[Event "British Rapidplay"]
[Site "Peterborough"]
[Date "2025.03.02"]
[Round "7.40"]
[White "Davison, Chris"]
[Black "Bin-Suhayl, Yousuf"]
[Result "1-0"]
[WhiteElo "1997"]
[BlackElo "1897"]
[PlyCount "67"]
[EventDate "2025.03.01"]
[EventType "swiss (rapid)"]
[EventRounds "11"]
[EventCountry "ENG"]
[SourceTitle "BritBase"]
[Source "John Saunders"]
[SourceDate "2025.03.03"]
[SourceVersion "1"]
[SourceVersionDate "2025.03.03"]
[SourceQuality "2"]

1. d4 Nf6 2. c4 e6 3. Nc3 Bb4 4. e3 Ne4 5. Qc2 f5 6. Nh3 b6 7. f3 Nf6 8. Bd3 Bb7 9. Bd2 O-O 10. O-O d6 11. Nf4 Qe7 12. d5 exd5 13. Ncxd5 Nxd5 14. Nxd5 Bxd5 15. cxd5 Bxd2 16. Qxd2 Qe5 17. Rac1 Rf7 18. Qf2 a5 19. Rfe1 Na6 20. Bxa6 Rxa6 21. e4 Ra8 22. Qd2 Rd8 23. exf5 Qxf5 24. Rc3 Rdd7 25. Rce3 h6 26. a4 Kh7 27. g4 Qg5 28. Qd3+ g6 29. Re8 h5 30. Qd4 Rg7 31. Qe4 hxg4 32. fxg4 Rdf7 33. Re3 Qh4 34. Qg2 1-0

[Event "British Rapidplay"]
[Site "Peterborough"]
[Date "2025.03.02"]
[Round "7.41"]
[White "Ansari, Athar"]
[Black "Sanitt, Ethan"]
[Result "1-0"]
[WhiteElo "1954"]
[BlackElo "2102"]
[PlyCount "113"]
[EventDate "2025.03.01"]
[EventType "swiss (rapid)"]
[EventRounds "11"]
[EventCountry "ENG"]
[SourceTitle "BritBase"]
[Source "John Saunders"]
[SourceDate "2025.03.03"]
[SourceVersion "1"]
[SourceVersionDate "2025.03.03"]
[SourceQuality "2"]

1. d4 Nf6 2. Nf3 b6 3. Bf4 Bb7 4. e3 Nh5 5. Bg3 Nxg3 6. hxg3 e6 7. Bd3 g6 8. Qe2 c5 9. c3 Nc6 10. Nbd2 d5 11. Rd1 Bg7 12. Bc2 Rc8 13. O-O cxd4 14. exd4 O-O 15. Bd3 Re8 16. Rfe1 Qf6 17. Bb5 Re7 18. Nf1 h5 19. Ne3 Bh6 20. Nf1 Na5 21. Ne5 Bc6 22. Ba6 Rcc7 23. Rd3 Qh8 24. g4 h4 25. Rh3 g5 26. g3 Bg7 27. Nf3 Bf6 28. gxh4 Nc4 29. Bxc4 dxc4 30. N1d2 gxh4 31. Ne4 Qg7 32. Kh2 e5 33. g5 Bxg5 34. Nfxg5 exd4 35. Rg1 Qe5+ 36. Kh1 Kf8 37. Rxh4 f5 38. cxd4 Qxd4 39. Qf3 Qe5 40. Rf4 Ke8 41. Rxf5 Bxe4 42. Rxe5 Bxf3+ 43. Nxf3 Kf8 44. Rxe7 Rxe7 45. Re1 Rc7 46. Re3 Kf7 47. Kg2 Kf6 48. Kf1 b5 49. Nd4 b4 50. Re6+ Kf7 51. Rc6 Rb7 52. Rxc4 Kf6 53. b3 a5 54. Ke2 Re7+ 55. Kd3 Rh7 56. Rc6+ Ke5 57. Rc5+ 1-0

[Event "British Rapidplay"]
[Site "Peterborough"]
[Date "2025.03.02"]
[Round "7.42"]
[White "Lishoy Gengis Paratazham, Dildarav"]
[Black "Cheng, Louis"]
[Result "0-1"]
[WhiteElo "2071"]
[BlackElo "2015"]
[PlyCount "112"]
[EventDate "2025.03.01"]
[EventType "swiss (rapid)"]
[EventRounds "11"]
[EventCountry "ENG"]
[SourceTitle "BritBase"]
[Source "John Saunders"]
[SourceDate "2025.03.03"]
[SourceVersion "1"]
[SourceVersionDate "2025.03.03"]
[SourceQuality "2"]

1. c4 c5 2. Nc3 g6 3. g3 Bg7 4. Bg2 Nc6 5. d3 d6 6. e3 e5 7. Nge2 Nge7 8. b3 Be6 9. Bb2 d5 10. O-O O-O 11. e4 dxc4 12. bxc4 Qd7 13. Nd5 Bh3 14. f4 Bxg2 15. Kxg2 f5 16. Qd2 Rae8 17. Rae1 Nxd5 18. cxd5 Nd4 19. fxe5 Bxe5 20. Nxd4 cxd4 21. Qb4 fxe4 22. Rxf8+ Rxf8 23. Ba3 Rf7 24. dxe4 Qg4 25. Qb3 h5 26. Qd1 Qd7 27. Rf1 h4 28. gxh4 Rxf1 29. Qxf1 Qg4+ 30. Kh1 Qxe4+ 31. Kg1 Qe3+ 32. Kh1 Qxa3 33. h5 Qe3 34. hxg6 Qe4+ 35. Qg2 Qb1+ 36. Qg1 Qxa2 37. Qf1 Qxd5+ 38. Kg1 d3 39. Qf7+ Qxf7 40. gxf7+ Kxf7 41. Kf2 Bxh2 42. Ke3 a5 43. Kxd3 b5 44. Kc3 Ke6 45. Kb3 Kd5 46. Kc3 a4 47. Kb4 Bd6+ 48. Kxb5 a3 49. Ka4 a2 50. Kb3 a1=Q 51. Kc2 Qa2+ 52. Kd3 Qb3+ 53. Ke2 Ke4 54. Kf2 Qe3+ 55. Kf1 Qf3+ 56. Ke1 Bb4# 0-1

[Event "British Rapidplay"]
[Site "Peterborough"]
[Date "2025.03.02"]
[Round "7.43"]
[White "Bakhtiyarov, Kamronbek"]
[Black "Clarke, James"]
[Result "0-1"]
[WhiteElo "1676"]
[BlackElo "1941"]
[PlyCount "56"]
[EventDate "2025.03.01"]
[EventType "swiss (rapid)"]
[EventRounds "11"]
[EventCountry "ENG"]
[SourceTitle "BritBase"]
[Source "John Saunders"]
[SourceDate "2025.03.03"]
[SourceVersion "1"]
[SourceVersionDate "2025.03.03"]
[SourceQuality "2"]

1. e4 c5 2. c3 Nf6 3. e5 Nd5 4. d4 cxd4 5. cxd4 d6 6. Nf3 Nc6 7. Bc4 dxe5 8. Qb3 e6 9. dxe5 Na5 10. Qa4+ Bd7 11. Bb5 Nc6 12. Bg5 Be7 13. Bxe7 Qxe7 14. Nbd2 a6 15. Bxc6 Bxc6 16. Qg4 O-O 17. Nd4 Qb4 18. b3 Rad8 19. a3 Qc3 20. Rd1 Ne7 21. Nxc6 Nxc6 22. f4 Rd4 23. Qg3 Rd3 24. Qf2 Rfd8 25. O-O Rxd2 26. Rxd2 Rxd2 27. Qh4 Qd4+ 28. Kh1 Rd1 0-1

[Event "British Rapidplay"]
[Site "Peterborough"]
[Date "2025.03.02"]
[Round "7.46"]
[White "Lebedev, Lion"]
[Black "Pyda, Arjun"]
[Result "1-0"]
[WhiteElo "2038"]
[BlackElo "1819"]
[PlyCount "69"]
[EventDate "2025.03.01"]
[EventType "swiss (rapid)"]
[EventRounds "11"]
[EventCountry "ENG"]
[SourceTitle "BritBase"]
[Source "John Saunders"]
[SourceDate "2025.03.03"]
[SourceVersion "1"]
[SourceVersionDate "2025.03.03"]
[SourceQuality "2"]

1. e4 c5 2. Nf3 d6 3. d4 cxd4 4. Nxd4 Nf6 5. Nc3 g6 6. Be3 Bg7 7. f3 O-O 8. Qd2 Nc6 9. O-O-O d5 10. Nxc6 bxc6 11. Kb1 e6 12. Bd4 Re8 13. exd5 exd5 14. g4 h6 15. h4 Be6 16. Bd3 Nd7 17. Bxg7 Kxg7 18. h5 g5 19. f4 f6 20. fxg5 fxg5 21. Bg6 Rf8 22. Rde1 Bf7 23. Bxf7 Rxf7 24. Re6 Rf6 25. Rhe1 Rb8 26. Re7+ Rf7 27. Rxf7+ Kxf7 28. Qd3 Qg8 29. Nxd5 cxd5 30. Qxd5+ Kg7 31. Qxd7+ Kh8 32. Qxa7 Rd8 33. Qb6 Qf8 34. a3 Qd6 35. Re8+ 1-0

[Event "British Rapidplay"]
[Site "Peterborough"]
[Date "2025.03.02"]
[Round "7.47"]
[White "Mehrafarin, Amirabbas"]
[Black "Jackson, Sheila"]
[Result "0-1"]
[WhiteElo "1814"]
[BlackElo "2031"]
[PlyCount "50"]
[EventDate "2025.03.01"]
[EventType "swiss (rapid)"]
[EventRounds "11"]
[EventCountry "ENG"]
[SourceTitle "BritBase"]
[Source "John Saunders"]
[SourceDate "2025.03.03"]
[SourceVersion "1"]
[SourceVersionDate "2025.03.03"]
[SourceQuality "2"]

1. e4 c5 2. Nf3 Nc6 3. d3 e6 4. g3 d5 5. e5 Nge7 6. c3 d4 7. h4 Ng6 8. Qe2 Qc7 9. Bf4 b6 10. h5 Nxf4 11. gxf4 Bb7 12. Rg1 O-O-O 13. Bh3 g6 14. Na3 Ba6 15. c4 Bh6 16. Ng5 Rde8 17. Ne4 Kb8 18. Qf3 Bf8 19. Nf6 Rd8 20. Nc2 Bb7 21. Qe2 Bh6 22. Qg4 Nxe5 23. fxe5 Qxe5+ 24. Ne4 f5 25. Qg3 Bf4 0-1

[Event "British Rapidplay"]
[Site "Peterborough"]
[Date "2025.03.02"]
[Round "7.48"]
[White "Nicholas, Koichi B"]
[Black "Parikh, Naavya"]
[Result "1-0"]
[WhiteElo "2066"]
[BlackElo "1741"]
[PlyCount "159"]
[EventDate "2025.03.01"]
[EventType "swiss (rapid)"]
[EventRounds "11"]
[EventCountry "ENG"]
[SourceTitle "BritBase"]
[Source "John Saunders"]
[SourceDate "2025.03.03"]
[SourceVersion "1"]
[SourceVersionDate "2025.03.03"]
[SourceQuality "2"]

1. Nc3 d5 2. d4 Nf6 3. Bf4 e6 4. Nb5 Bd6 5. Nxd6+ cxd6 6. e3 Nc6 7. Nf3 O-O 8. c3 Re8 9. Be2 e5 10. Bg5 Be6 11. O-O Rc8 12. Qa4 a6 13. Rfd1 Qe7 14. Rac1 h6 15. Bh4 g5 16. Bg3 Nd7 17. h3 f5 18. Bh2 Rf8 19. Qa3 Rf7 20. c4 g4 21. hxg4 fxg4 22. Nd2 Nf6 23. dxe5 dxe5 24. Qxe7 Rxe7 25. Nb3 dxc4 26. Bxc4 Bxc4 27. Rxc4 Rce8 28. Nc5 Nd8 29. Ne4 Nxe4 30. Rxe4 h5 31. Bg3 Re6 32. Rxe5 Rxe5 33. Bxe5 Nc6 34. Bc3 Re7 35. Rd5 Rh7 36. Kf1 Kf8 37. g3 Ke7 38. Ke2 Ke6 39. Rg5 b5 40. a3 Ne7 41. e4 h4 42. gxh4 Rxh4 43. Bb4 Nc6 44. Rg6+ Kd7 45. Bc3 g3 46. f3 Rh2+ 47. Ke3 g2 48. Kf2 a5 49. Rxg2 Rh6 50. Rg5 b4 51. axb4 axb4 52. Bg7 Rh2+ 53. Ke3 Rh1 54. Rd5+ Kc7 55. Rd2 Rh7 56. Bf8 Kb6 57. Bd6 Rh3 58. e5 Na5 59. Rc2 Nc6 60. Ke4 Rh1 61. Re2 Kb5 62. f4 Nd8 63. f5 Rh4+ 64. Kd5 Rh3 65. Rd2 Rh5 66. Rf2 Nf7 67. e6 Nh6 68. Ke4 Rh4+ 69. Bf4 Ng8 70. Ke5 Rh5 71. Bd2 Ne7 72. Ke4 Rh4+ 73. Rf4 Rh2 74. Kd3 Nc6 75. f6 Rh3+ 76. Ke4 Rh6 77. Kd5 Rh5+ 78. Kd6 Rh3 79. Kc7 Rd3 80. f7 1-0